00576 2200217 4500001002100000005001800021008004100039020001700080035002400097090001700121100001100138245003000149250001100179260002800190300004300218650003400261700001800295850001500313999001500328999001500343YOGYA-1010000000199020101005095249604 ind  a97-8804-04-x 0010-101000000001990 a372.73 Kad B aKadiyo aBermain dengan matematika aCet. 3 aJakartabLazuardic2007 ax, 205 hlm . ; ilus . ; 21 cm. (2 eks) aMatematika (pendidikan dasar) aSuryana, Agus aYOPDYOG[B] a10BKS01233 a10BKS01234